000 00326nam a22001457a 4500
008 221010b ||||| |||| 00| 0 eng d
020 _a9780324183511
041 _aeng
080 _21OTH EDITION
_a330
082 _a330
100 _a23.2
101 _aACC
245 _aFINANCIAL ACCOUNTING
_cSTICKNEY C
942 _2udc
_cBK
999 _c58463
_d58463